00437nam a2200121Ia 4500008004100000082002100041100003600062245006800098300000800166942001200174999001900186952011000205210430s9999 xx 000 0 und d a956.70442 A2861G aHazrat Mirza Tahir Ahmad954640 4aThe Gulf Crisis & The New World OrdercHazrat Mirza Tahir Ahmad a396 cBK2ddc c565278d565278 001040708NFICaSCMEbSCMEcGENd0004-06-15l0o956.70442 A2861GpSCME-4568r2021-04-30w2021-04-30yBK